[Event "NRW U18 op"]
[Site "Olpe"]
[Date "2005.10.02"]
[Round "4.12"]
[White "Archavski, Leonid"]
[Black "Zeldin, Leonid"]
[Result "0-1"]
[WhiteElo "1599"]
[BlackElo "1855"]
[PlyCount "62"]
[EventDate "2005.10.01"]
[EventType "swiss"]
[EventRounds "7"]
[EventCountry "GER"]
[SourceTitle "CBM 108 Extra"]
[Source "ChessBase"]
[SourceDate "2005.11.04"]
[SourceVersion "1"]
[SourceVersionDate "2005.11.04"]
[SourceQuality "1"]

1. d4 Nf6 2. Nf3 e6 3. c4 Bb4+ 4. Nc3 0-0 5. Bg5 c5 6. dxc5 Bxc5 7. e3 h6 8. Bh4 Nc6 9. Be2 Be7 10. 0-0 b6 11. Bg3 d6 12. Qd2 Nh5 13. Rad1 Nxg3 14. hxg3 Qd7 15. Nd4 Nxd4 16. exd4 Bb7 17. d5 Rac8 18. dxe6 fxe6 19. Rfe1 Qc6 20. f3 Rcd8 21. Bd3 d5 22. cxd5 Bc5+ 23. Kf1 exd5 24. Bc2 d4 25. Ne4 d3 26. Bxd3 Ba6 27. Qc2 Rxd3 28. Rxd3 Qd5 29. Red1 Qxe4 30. Qb3+ Kh8 31. Qg8+ Kxg8 0-1